000 01896nam0a2200397 4500
001 RU\NLR\bibl\211023
005 20250619100903.0
010 _a5-93352-009-8
_9300
021 _aRU
_b2001-27977
_91342
035 _a(NLR Aleph) 000207230
090 _a1202247
_c1202247
100 _a20011114d2001 |||y0rusy50 ca
101 0 _arus
102 _aRU
105 _aa |||||||||
200 1 _aОсновные результаты работ по программе создания Государственного банка цифровой геологической информации и информации о недропользовании в России за 1994-2000 гг.
_fМ-во природ. ресурсов Рос. Федерации, Гл. н.-и. и ИВЦ
_g[Сост. Г. А. Любимов и др.]
210 _aМ.
_cГлавНИВИ МПР РФ
_d2001
215 _a403 с.
_cил., карт.
_d29
606 0 _aГеология
_xБанки данных
_xСоставление
_yРоссийская Федерация
_92190291
_3RU\NLR\auth\661316680
606 0 _aБанки данных в геологии
_xСоставление
_yРоссийская Федерация
_92190293
_3RU\NLR\auth\661316682
606 0 _aЗемные недра
_xИспользование
_xБанки данных
_yРоссийская Федерация
_92190302
_3RU\NLR\auth\661316687
610 0 _aГеоинформационные системы
610 0 _aГеология - Базы данных
675 _a55(470):002
_v3
_zrus
686 _a38
_2rugasnti
686 _a26
_2rubbk
686 _aД3ф1
686 _aД450.8ф1
702 1 _aЛюбимов
_bГ. А.
_4220
801 0 _aRU
_bRKP
_c20011114
_gPSBO
801 1 _aRU
_bRKP
_c20011114
801 2 _aRU
_bNLR
_c20020314
_grcr
942 _cBOOK
980 _aNB